|
|
|
|
| LEADER |
01320nam a2200289 a 4500 |
| 001 |
4298306 |
| 008 |
091231s1988 nyu b 000 0 eng |
| 010 |
|
|
|a 86031203
|
| 020 |
|
|
|a 1853830003
|
| 020 |
|
|
|a 0853457174 (pbk.) :
|c $7.50
|
| 020 |
|
|
|a 0853457182 (hard) :
|c $23.00
|
| 040 |
|
|
|a DLC
|c DLC
|d DLC
|d BD-DhAAL
|
| 082 |
0 |
0 |
|a 305.4/2/091724
|2 19
|
| 100 |
1 |
|
|a Sen, Gita.
|
| 245 |
1 |
0 |
|a Development, crises, and alternative visions :
|b Third World women's perspectives /
|c Gita Sen and Caren Grown
|
| 260 |
|
|
|a New York ;
|a London :
|b Earthscan Publications Limited,
|c c1988.
|
| 300 |
|
|
|a 120 p. ;
|c 21 cm.
|
| 500 |
|
|
|a "Written by Gita Sen and Caren Grown for the project Development Alternatives with Women for a New Era (DAWN)."
|
| 504 |
|
|
|a Includes bibliography: [p. 107-116] and index.
|
| 541 |
1 |
|
|e 00005776
|
| 650 |
|
0 |
|a Women in development
|z Developing countries.
|
| 650 |
|
0 |
|a Women
|z Developing countries
|x Social conditions.
|
| 700 |
1 |
|
|a Grown, Caren.
|
| 710 |
2 |
|
|a Development Alternatives with Women for a New Era (Project)
|
| 852 |
4 |
|
|a Ayesha Abed Library
|j General Shelf.
|
| 999 |
|
|
|c 6579
|d 6579
|
| 952 |
|
|
|0 0
|1 0
|2 ddc
|4 0
|6 305_420917240000000_SEN_1988
|7 0
|9 6692
|a BRACUL
|b BRACUL
|c GEN
|d 2009-12-31
|g 0.00
|l 0
|o 305.42091724 SEN
|p 3010005776
|r 2009-12-31
|t 1
|w 2009-12-31
|y BK
|x No price found in the accession register.
|